30 biggest European cities by letter (with a map) -D - Statistics

General Stats
  • This quiz has been taken 1,202 times
    1,158 since last reset
  • The average score is 15 of 30
Answers on the Map
Answers color-coded by a green-red scale on the quiz's map according to % correct below.
 
Answer Stats
City Population % Correct
Dublin 526 750
99%
Dresden 543 825
94%
Düsseldorf 612 178
92%
Donetsk 929 063
86%
Dortmund 586 181
84%
Dundee 148 270
81%
Dnipro 983 836
80%
Derry (Londonderry) 87,878
73%
Dijon 153 668
73%
Duisburg 491 231
73%
Debrecen 203 506
66%
Durrës 115 550
64%
Dunkirk 87,353
60%
Derby 248 752
57%
Daugavpils 82,046
54%
Darmstadt 159 982
46%
Doncaster 109,805
43%
Dordrecht 118 782
40%
Donostia (San Sebastián) 186 665
37%
Delft 101,030
32%
Dos Hermanas 131 855
27%
Deventer 99,577
25%
Darlington 86,177
24%
Düren 94,203
24%
Dobrich 88,281
20%
Dąbrowa Górnicza 122 712
17%
Drobeta-Turnu Severin 92,617
14%
Dzerzhinsk 237 244
14%
Domodedovo 96,145
9%
Dolgoprudny 90,956
6%
No matching quizzes found
Score Distribution
Percent of People with Each Score
Percentile by Number Answered
Your Score History
You have not taken this quiz since the last reset